[Event "BCF-ch 88th"]
[Site "Scarborough"]
[Date "2001.08.08"]
[Round "9"]
[White "Rumens, David E"]
[Black "Player, Edmund C"]
[Result "1/2-1/2"]
[WhiteElo "2255"]
[BlackElo "2115"]
[PlyCount "73"]
[EventDate "2001.07.30"]
[EventType "swiss"]
[EventRounds "11"]
[EventCountry "ENG"]
[SourceTitle "CBM 083 Extra"]
[Source "ChessBase"]
[SourceDate "2001.09.11"]
[SourceVersion "1"]
[SourceVersionDate "2001.09.11"]
[SourceQuality "1"]

1. e4 e6 2. d4 d5 3. e5 c5 4. Nf3 cxd4 5. Bd3 Nc6 6. 0-0 Qc7 7. Bf4 Nge7 8. Bg3 g6 9. Nbd2 Bg7 10. Re1 0-0 11. Nb3 Qb6 12. Qd2 f6 13. exf6 Rxf6 14. Ne5 Nxe5 15. Bxe5 Rf7 16. Bxg7 Kxg7 17. a4 a6 18. a5 Qd6 19. Nxd4 e5 20. Nf3 Nc6 21. Be4 Be6 22. Rad1 Rd7 23. c4 Rad8 24. cxd5 Bxd5 25. Qc3 Qf6 26. Bxd5 Rxd5 27. Rxd5 Rxd5 28. b4 e4 29. Qc4 Rb5 30. Qxe4 Rxb4 31. Qd5 Qf7 32. Qd2 Qf4 33. Qd7+ Qf7 34. Qc8 Qf8 35. Qd7+ Qf7 36. Qd2 Qf4 37. Qd7+ 1/2-1/2

[Event "BCF-ch 88th"]
[Site "Scarborough"]
[Date "2001.08.01"]
[Round "3"]
[White "Jones, Gawain C B"]
[Black "Rumens, David E"]
[Result "1/2-1/2"]
[WhiteElo "2206"]
[BlackElo "2255"]
[PlyCount "58"]
[EventDate "2001.07.30"]
[EventType "swiss"]
[EventRounds "11"]
[EventCountry "ENG"]
[SourceTitle "CBM 083 Extra"]
[Source "ChessBase"]
[SourceDate "2001.09.11"]
[SourceVersion "1"]
[SourceVersionDate "2001.09.11"]
[SourceQuality "1"]

1. e4 e5 2. Bc4 Nf6 3. d3 Nc6 4. Nf3 Be7 5. c3 0-0 6. 0-0 d6 7. Bb3 Na5 8. Bc2 c5 9. b4 Nc6 10. b5 Nb8 11. d4 Qc7 12. a4 Bg4 13. Bb2 Bxf3 14. gxf3 Nh5 15. Bc1 cxd4 16. cxd4 Nd7 17. Be3 Rac8 18. Bb3 exd4 19. Bxd4 Bf6 20. Bxf6 Ndxf6 21. Kh1 Qc5 22. Nd2 Nf4 23. Rc1 Qh5 24. Rxc8 Rxc8 25. Bc4 Rc5 26. Rg1 Qh4 27. Rg3 N4h5 28. Rg2 Nf4 29. Rg3 N4h5 1/2-1/2

[Event "London Phillips&Drew Knights"]
[Site "London"]
[Date "1982.04.18"]
[Round "4"]
[White "Franklin, Michael J"]
[Black "Rumens, David E"]
[Result "0-1"]
[WhiteElo "2315"]
[BlackElo "2320"]
[PlyCount "124"]
[EventDate "1982.04.??"]
[EventType "tourn"]
[EventRounds "15"]
[EventCountry "ENG"]
[SourceTitle "EXT 2006"]
[Source "ChessBase"]
[SourceDate "2005.11.24"]
[SourceVersion "1"]
[SourceVersionDate "2005.11.24"]
[SourceQuality "1"]

1. d4 f5 2. Nf3 Nf6 3. g3 e6 4. Bg2 Be7 5. 0-0 0-0 6. c4 d6 7. b3 Qe8 8. Bb2 a5 9. Nbd2 Nc6 10. e3 Bd8 11. a3 e5 12. d5 Nb8 13. Qc2 Qh5 14. Rfe1 Na6 15. h3 e4 16. Nh2 Nc5 17. Bd4 Nd3 18. Rf1 Qg6 19. Nb1 c5 20. dxc6 bxc6 21. Nc3 d5 22. cxd5 Nxd5 23. Rfd1 Ba6 24. Na4 Be7 25. Nc5 Bxc5 26. Bxc5 Rf7 27. Nf1 h5 28. h4 Re8 29. Rab1 Ne5 30. Qd2 Bd3 31. Rbc1 f4 32. exf4 Nxf4 33. Qxa5 Be2 34. Rd6 Ne6 35. Nh2 Qf5 36. Qb4 Bf3 37. Nxf3 Nxf3+ 38. Kh1 Nf4 39. Be3 Nd3 40. Qc3 Nxc1 41. Qxc1 Ne5 42. a4 Rd7 43. Rxd7 Qxd7 44. Bxe4 Qh3+ 45. Kg1 Ng4 46. Qc4+ Kh8 47. Qf7 Qh2+ 48. Kf1 Nf6 49. Bh6 Qh3+ 50. Kg1 Qg4 51. Bg6 Rg8 52. Kg2 Qd4 53. Bf4 Ng4 54. Bg5 Ne5 55. Qf5 Qd5+ 56. f3 Nxg6 57. Qxg6 Rf8 58. Bf4 Rf7 59. b4 Re7 60. Qc2 Re1 61. a5 Qe6 62. Kf2 Rh1 0-1

[Event "Kings Head International I"]
[Site "London, Bayswater"]
[Date "1982.02.02"]
[Round "4"]
[White "Formanek, Edward W"]
[Black "Rumens, David E"]
[Result "1/2-1/2"]
[WhiteElo "2330"]
[BlackElo "2320"]
[PlyCount "83"]
[EventDate "1982.01.31"]
[EventType "tourn"]
[EventRounds "9"]
[EventCountry "ENG"]
[EventCategory "4"]
[SourceTitle "EXT 2022"]
[Source "ChessBase"]
[SourceDate "2021.10.06"]
[SourceVersion "1"]
[SourceVersionDate "2021.10.06"]
[SourceQuality "1"]

1. e4 e5 2. Nf3 Nc6 3. Bb5 a6 4. Ba4 Nf6 5. 0-0 Be7 6. Re1 b5 7. Bb3 0-0 8. d3 Bb7 9. Nc3 d6 10. Nd5 Na5 11. Nxe7+ Qxe7 12. Bg5 h6 13. Bh4 Nxb3 14. axb3 c5 15. Qd2 Qe6 16. Bxf6 Qxf6 17. h3 Rae8 18. Nh2 Qg6 19. Nf1 f5 20. f3 d5 21. exd5 Bxd5 22. Kh1 Bb7 23. Re2 e4 24. fxe4 fxe4 25. dxe4 Bxe4 26. Rae1 Kh7 27. Kh2 b4 28. Ng3 Bb7 29. Rxe8 Rxe8 30. Rxe8 Qxe8 31. Qd6 Qc6 32. Qd3+ Kh8 33. Qd8+ Kh7 34. Qd3+ Kg8 35. Qd8+ Kf7 36. Qd2 Qd5 37. Qf2+ Ke6 38. Qe2+ Kd6 39. Qf2 Qe5 40. Qf7 Kc6 41. Qf5 Qxb2 42. Qe6+ 1/2-1/2

[Event "British CF-68 Championship"]
[Site "Morecambe/ Lancashire"]
[Date "1981.08.10"]
[Round "7"]
[White "Rumens, David E"]
[Black "Horner, Jeff"]
[Result "0-1"]
[WhiteElo "2350"]
[BlackElo "2375"]
[PlyCount "104"]
[EventDate "1981.08.03"]
[EventType "swiss"]
[EventRounds "11"]
[EventCountry "ENG"]
[SourceTitle "EXT 1999"]
[Source "ChessBase"]
[SourceDate "1998.11.16"]
[SourceVersion "1"]
[SourceVersionDate "1998.11.16"]
[SourceQuality "1"]

1. e4 e5 2. Nf3 Nc6 3. Bb5 a6 4. Ba4 Nf6 5. 0-0 Be7 6. Re1 b5 7. Bb3 d6 8. c3 0-0 9. h3 Na5 10. Bc2 c5 11. d4 Qc7 12. Nbd2 cxd4 13. cxd4 Nc6 14. Nf1 exd4 15. Ng3 Be6 16. Bf4 Nd7 17. Rc1 Qb6 18. Ne2 Bf6 19. Bxd6 Rfe8 20. Qd3 Bc4 21. Qd2 Rad8 22. Bd3 Be5 23. Bxc4 bxc4 24. Ba3 d3 25. Nf4 Nd4 26. Nxd4 Bxf4 27. Qxf4 Qxd4 28. Bb4 Nf6 29. Bc3 Rxe4 30. Bxd4 Rxf4 31. Be3 Re4 32. f3 Re6 33. Bd2 Rxe1+ 34. Rxe1 Rb8 35. Bc3 Nd5 36. Bd4 Nf4 37. Kf2 Ne2 38. Be5 Re8 39. Bc3 f5 40. Bb4 Kf7 41. Rd1 Rb8 42. Ba3 Nd4 43. b3 cxb3 44. axb3 Rxb3 45. Bd6 Nc2 46. g4 fxg4 47. hxg4 a5 48. Rh1 a4 49. Be5 Kg8 50. f4 a3 51. Kf3 a2 52. Ke4 Rb1 0-1

[Event "British CF-68 Championship"]
[Site "Morecambe/ Lancashire"]
[Date "1981.08.03"]
[Round "1"]
[White "Rumens, David E"]
[Black "Jackson, Oliver A"]
[Result "1-0"]
[WhiteElo "2350"]
[BlackElo "2215"]
[PlyCount "77"]
[EventDate "1981.08.03"]
[EventType "swiss"]
[EventRounds "11"]
[EventCountry "ENG"]
[SourceTitle "EXT 1999"]
[Source "ChessBase"]
[SourceDate "1998.11.16"]
[SourceVersion "1"]
[SourceVersionDate "1998.11.16"]
[SourceQuality "1"]

1. e4 c5 2. Nc3 e6 3. f4 Nc6 4. Nf3 g6 5. f5 Bg7 6. Bc4 Nge7 7. fxe6 fxe6 8. 0-0 0-0 9. d3 d5 10. Bb3 b5 11. Nxb5 Qb6 12. Ba4 c4+ 13. Kh1 cxd3 14. cxd3 Ba6 15. exd5 Nxd5 16. Na3 Rad8 17. Nc4 Bxc4 18. dxc4 Nc3 19. Qb3 Nxa4 20. Qxa4 Ne5 21. Bg5 Rb8 22. Nxe5 Bxe5 23. Bh6 Rf5 24. Rxf5 exf5 25. Re1 Qf2 26. Qd1 Qxb2 27. Qd5+ Kh8 28. Bc1 Qd4 29. Qxe5+ Qxe5 30. Rxe5 Rb1 31. Re1 Rb4 32. Bh6 Kg8 33. Rc1 Kf7 34. c5 Ke7 35. c6 Kd8 36. g3 Rb2 37. Bf4 Rxa2 38. c7+ Kc8 39. Rb1 1-0

[Event "Lloyds Bank op 04th"]
[Site "London"]
[Date "1980.08.20"]
[Round "1"]
[White "Langeweg, Kick"]
[Black "Rumens, David E"]
[Result "1-0"]
[WhiteElo "2425"]
[BlackElo "2310"]
[PlyCount "87"]
[EventDate "1980.08.20"]
[EventType "swiss"]
[EventRounds "9"]
[EventCountry "ENG"]
[SourceTitle "EXT 2001"]
[Source "ChessBase"]
[SourceDate "2000.11.22"]
[SourceVersion "1"]
[SourceVersionDate "2000.11.22"]
[SourceQuality "1"]

1. Nf3 f5 2. d4 Nf6 3. g3 e6 4. Bg2 d5 5. 0-0 Bd6 6. c4 c6 7. b3 Qe7 8. Qc2 0-0 9. Nbd2 Ng4 10. Bb2 Nd7 11. e3 Qf6 12. Rae1 a5 13. a3 Ra6 14. c5 Bc7 15. b4 axb4 16. axb4 b5 17. Ra1 Rxa1 18. Rxa1 Qh6 19. Qb3 e5 20. dxe5 Ndxe5 21. h3 Nxf3+ 22. Nxf3 Nf6 23. Ra7 Bb8 24. Ra8 Bb7 25. Ra3 Ne4 26. Bd4 g5 27. Be5 g4 28. Bxb8 gxf3 29. Bf4 Qh5 30. Bf1 Nd2 31. Qd3 Nxf1 32. Qxf1 Re8 33. Ra7 Re7 34. Kh2 Qf7 35. Qd1 Re4 36. Qxf3 Rxb4 37. g4 Ra4 38. Rxa4 bxa4 39. Be5 Bc8 40. g5 a3 41. Qf4 Qe6 42. Bd4 Qe4 43. Qc7 Kf8 44. Qxc8+ 1-0

[Event "British CF-67 Championship"]
[Site "Brighton/ East Sussex"]
[Date "1980.08.13"]
[Round "9"]
[White "Bellin, Robert"]
[Black "Rumens, David E"]
[Result "0-1"]
[WhiteElo "2440"]
[BlackElo "2310"]
[PlyCount "72"]
[EventDate "1980.08.04"]
[EventType "swiss"]
[EventRounds "11"]
[EventCountry "GBR"]
[SourceTitle "EXT 1999"]
[Source "ChessBase"]
[SourceDate "1998.11.16"]
[SourceVersion "1"]
[SourceVersionDate "1998.11.16"]
[SourceQuality "1"]

1. d4 d5 2. Nf3 e6 3. c4 Nf6 4. g3 dxc4 5. Bg2 c5 6. Qa4+ Nbd7 7. 0-0 a6 8. dxc5 Bxc5 9. Nc3 0-0 10. Qxc4 b5 11. Qf4 Bb7 12. Ne1 e5 13. Qf5 g6 14. Qd3 Qb6 15. Bg5 Rfe8 16. Ne4 Nxe4 17. Bxe4 Bd4 18. Bxb7 Qxb7 19. Rd1 Nc5 20. Qb1 Ne6 21. Bf6 Bb6 22. Nf3 Nd4 23. Nxd4 exd4 24. Rfe1 Re4 25. Qc1 Qc8 26. Qh6 Qf8 27. Qxf8+ Rxf8 28. Kf1 Rc8 29. Rc1 Rce8 30. Rc2 R4e6 31. Bg5 d3 32. Rd2 Ba5 33. Rxd3 Bxe1 34. Kxe1 Rxe2+ 35. Kd1 Rxf2 36. Ra3 Ra8 0-1

[Event "British CF-67 Championship"]
[Site "Brighton/ East Sussex"]
[Date "1980.08.08"]
[Round "5"]
[White "Basman, Michael J"]
[Black "Rumens, David E"]
[Result "0-1"]
[WhiteElo "2405"]
[BlackElo "2310"]
[PlyCount "66"]
[EventDate "1980.08.04"]
[EventType "swiss"]
[EventRounds "11"]
[EventCountry "GBR"]
[SourceTitle "EXT 1999"]
[Source "ChessBase"]
[SourceDate "1998.11.16"]
[SourceVersion "1"]
[SourceVersionDate "1998.11.16"]
[SourceQuality "1"]

1. d4 f5 2. h3 d5 3. Nf3 Nf6 4. c4 e6 5. Nc3 c6 6. g4 Bd6 7. Bg5 0-0 8. Qd3 Nbd7 9. gxf5 exf5 10. cxd5 cxd5 11. Nxd5 Qa5+ 12. Nc3 f4 13. Rg1 Nb6 14. Bh6 Rf7 15. Rg5 Nbd5 16. Ne5 Nxc3 17. bxc3 Bxe5 18. Rxe5 Qa3 19. Bxf4 Bd7 20. c4 Qb2 21. Rb1 Qxa2 22. Rxb7 Bf5 23. Rxf5 Rxb7 24. f3 Rb4 25. Be5 Nd7 26. Qe4 Qb1+ 27. Qxb1 Rxb1+ 28. Kf2 g6 29. Rg5 a5 30. e4 a4 31. c5 Nxe5 32. Rxe5 Rxf1+ 33. Kxf1 a3 0-1

[Event "British CF-65 Championship"]
[Site "Ayr"]
[Date "1978.08.16"]
[Round "9"]
[White "Rumens, David E"]
[Black "Short, Nigel D"]
[Result "0-1"]
[WhiteElo "2310"]
[BlackElo "2225"]
[PlyCount "78"]
[EventDate "1978.08.07"]
[EventType "swiss"]
[EventRounds "11"]
[EventCountry "SCO"]
[SourceTitle "EXT 1999"]
[Source "ChessBase"]
[SourceDate "1998.11.16"]
[SourceVersion "1"]
[SourceVersionDate "1998.11.16"]
[SourceQuality "1"]

1. e4 e6 2. d4 d5 3. e5 c5 4. Nf3 cxd4 5. Qxd4 Nc6 6. Qf4 Qc7 7. Nc3 a6 8. Bd3 f6 9. exf6 Qxf4 10. Bxf4 gxf6 11. 0-0 Nge7 12. Na4 e5 13. Nb6 Rb8 14. Bg3 Be6 15. c4 d4 16. Rfe1 Bg7 17. a3 Kf7 18. b4 Nc8 19. Nd5 Nd6 20. Kf1 b5 21. cxb5 axb5 22. Nc7 Bc4 23. Bxc4+ bxc4 24. b5 Nxb5 25. Na6 Ra8 26. a4 Nc3 27. Nc7 Rxa4 28. Rxa4 Nxa4 29. Ra1 Nc5 30. Nd2 c3 31. Nc4 d3 32. f4 Rd8 33. fxe5 fxe5 34. Nb5 Nb3 35. Ra6 c2 36. Ncd6+ Ke6 37. Rxc6 c1Q+ 38. Rxc1 Nxc1 39. Ke1 Rxd6 0-1

[Event "British CF-64 Championship"]
[Site "Brighton/ East Sussex"]
[Date "1977.08.13"]
[Round "6"]
[White "Rumens, David E"]
[Black "Hindle, Owen M"]
[Result "1/2-1/2"]
[WhiteElo "2270"]
[BlackElo "2375"]
[PlyCount "116"]
[EventDate "1977.08.08"]
[EventType "swiss"]
[EventRounds "11"]
[EventCountry "GBR"]
[SourceTitle "EXT 1999"]
[Source "ChessBase"]
[SourceDate "1998.11.16"]
[SourceVersion "1"]
[SourceVersionDate "1998.11.16"]
[SourceQuality "1"]

1. e4 e5 2. Nf3 Nc6 3. Bb5 a6 4. Ba4 Nf6 5. 0-0 Be7 6. Re1 b5 7. Bb3 d6 8. c3 0-0 9. d4 Bg4 10. Be3 exd4 11. cxd4 Na5 12. Bc2 Nc4 13. Bc1 c5 14. b3 Na5 15. dxc5 dxc5 16. Nbd2 Nc6 17. Bb2 Nd4 18. Bd3 Nh5 19. e5 Nf4 20. Be4 Ra7 21. Qb1 h6 22. Nxd4 cxd4 23. f3 Bb4 24. Rd1 Bh3 25. Bh7+ Kh8 26. Qe4 Nxg2 27. Nf1 Qg5 28. f4 Nxf4+ 29. Ng3 Bg4 30. h4 Nh3+ 31. Kg2 Qxh4 32. Rxd4 Nf2 33. Kxf2 Bc5 34. Bf5 Rd8 35. Rh1 Qg5 36. Qxg4 Qxg4 37. Bxg4 Bxd4+ 38. Bxd4 Rxd4 39. Be2 Rc7 40. Rd1 Rxd1 41. Bxd1 Re7 42. b4 Rxe5 43. Bc2 g6 44. Ne4 Kg7 45. Nc5 Rd5 46. Ke3 a5 47. a3 Rh5 48. Bd3 axb4 49. axb4 Rh3+ 50. Kd4 Rh4+ 51. Kc3 g5 52. Bxb5 Kf6 53. Bc6 Ke5 54. b5 Kd6 55. Ne4+ Kc7 56. Nf6 Kb6 57. Nd7+ Kc7 58. Nf6 Kb6 1/2-1/2

[Event "Clare Benedict Cup-22"]
[Site "Copenhagen"]
[Date "1977.02.19"]
[Round "7.2"]
[White "Rumens, David E"]
[Black "Ammann, Philipp"]
[Result "1-0"]
[WhiteElo "2270"]
[BlackElo "2230"]
[PlyCount "75"]
[EventDate "1977.02.13"]
[EventType "team-tourn"]
[EventRounds "7"]
[EventCountry "DEN"]
[SourceTitle "EXT 2002"]
[Source "ChessBase"]
[SourceDate "2001.11.25"]
[SourceVersion "1"]
[SourceVersionDate "2001.11.25"]
[SourceQuality "1"]
[WhiteTeam "England"]
[BlackTeam "Switzerland"]
[WhiteTeamCountry "ENG"]
[BlackTeamCountry "SUI"]

1. e4 c5 2. Nc3 e6 3. Bc4 Nc6 4. d3 Nf6 5. Bg5 Be7 6. Nf3 d6 7. 0-0 0-0 8. Qd2 Bd7 9. Rfe1 a6 10. d4 cxd4 11. Nxd4 Qa5 12. Nxc6 Bxc6 13. Nd5 Qd8 14. Nxe7+ Qxe7 15. Rad1 Rfd8 16. f3 h6 17. Bh4 d5 18. exd5 Qc5+ 19. Qd4 Qxd4+ 20. Rxd4 g5 21. dxc6 Rxd4 22. cxb7 Rb8 23. Bg3 Rxb7 24. Bxa6 Rbd7 25. Bb5 Rd8 26. Bc7 R8d5 27. c4 Rd1 28. Kf1 R5d2 29. Rxd1 Rxd1+ 30. Ke2 Rg1 31. g4 Rg2+ 32. Kd3 Kf8 33. Bd6+ Kg7 34. Be5 Kg6 35. a4 h5 36. h3 Ng8 37. a5 f6 38. a6 1-0

[Event "Clare Benedict Cup-22"]
[Site "Copenhagen"]
[Date "1977.02.16"]
[Round "4.4"]
[White "Kristiansen, Jens"]
[Black "Rumens, David E"]
[Result "1-0"]
[WhiteElo "2385"]
[BlackElo "2270"]
[PlyCount "82"]
[EventDate "1977.02.13"]
[EventType "team-tourn"]
[EventRounds "7"]
[EventCountry "DEN"]
[SourceTitle "EXT 2002"]
[Source "ChessBase"]
[SourceDate "2001.11.25"]
[SourceVersion "1"]
[SourceVersionDate "2001.11.25"]
[SourceQuality "1"]
[WhiteTeam "Denmark"]
[BlackTeam "England"]
[WhiteTeamCountry "DEN"]
[BlackTeamCountry "ENG"]

1. Nf3 Nf6 2. c4 e6 3. Nc3 d5 4. d4 Be7 5. Bg5 0-0 6. e3 b6 7. Rc1 Bb7 8. Bxf6 Bxf6 9. cxd5 exd5 10. Bd3 Nc6 11. 0-0 Nb4 12. Bb1 c5 13. a3 Na6 14. Qc2 g6 15. Rfd1 Rc8 16. Ba2 Nb4 17. axb4 cxb4 18. Qa4 bxc3 19. Rxc3 Rxc3 20. bxc3 Qc7 21. Rb1 a6 22. Qb3 b5 23. Ne1 Rc8 24. Rc1 Be7 25. Nd3 Bd6 26. g3 Qe7 27. Bb1 b4 28. cxb4 Rxc1+ 29. Nxc1 Bxb4 30. Nd3 Bd6 31. Qb6 h5 32. Nc5 Bxc5 33. dxc5 Qd7 34. Bd3 d4 35. e4 Qc6 36. Qd8+ Kg7 37. Qxd4+ Qf6 38. Qxf6+ Kxf6 39. f4 Ke7 40. Kf2 Kd7 41. Ke3 Kc6 1-0